ბათუმის შოთა რუსთაველის სახელმწიფო უნივერსიტეტის ბიბლიოთეკა

ზოგადი ზოოტექნიკა. (ბიბ.ჩანაწერი № 44617)

000 -LEADER
fixed length control field 00949nam a2200229Ia 4500
001 - CONTROL NUMBER
control field 11420
003 - CONTROL NUMBER IDENTIFIER
control field GE_BSU
008 - FIXED-LENGTH DATA ELEMENTS--GENERAL INFORMATION
fixed length control field 181216s||||||||xx |||||||||||||| ||und||
040 ## - CATALOGING SOURCE
Transcribing agency GE_BSU
080 ## - UNIVERSAL DECIMAL CLASSIFICATION NUMBER
Universal Decimal Classification number 636(075.32)
100 ## - MAIN ENTRY--PERSONAL NAME
Personal name ტომე,მ.ფ; ე.ა.ნოვიკოვი.
245 ## - TITLE STATEMENT
Title ზოგადი ზოოტექნიკა.
245 ## - TITLE STATEMENT
Remainder of title სახელმძღვ.ზოოტექნიკური ტექნიკუმებისათვის.
245 ## - TITLE STATEMENT
Statement of responsibility, etc. რედ:გ.აგლაძე; თარგმ.მე-2 გადამუშ. და შევსებ. გამოცემიდან ა.დავითაშვილისა.
260 ## - PUBLICATION, DISTRIBUTION, ETC.
Place of publication, distribution, etc. თბილისი.
260 ## - PUBLICATION, DISTRIBUTION, ETC.
Name of publisher, distributor, etc. ცოდნა.
260 ## - PUBLICATION, DISTRIBUTION, ETC.
Date of publication, distribution, etc. 1961.
300 ## - PHYSICAL DESCRIPTION
Extent 642გვ;22სმ.
300 ## - PHYSICAL DESCRIPTION
Accompanying material დანართები:გვ:630-634.
653 ## - INDEX TERM--UNCONTROLLED
Uncontrolled term ზოგადი ზოოტექნიკა.
942 ## - ADDED ENTRY ELEMENTS (KOHA)
Koha item type წიგნი
ეგზემპლარები
Withdrawn status Lost status Damaged status Not for loan Date acquired Barcode Date last seen Price effective from Koha item type
        2018-12-17 20303 2018-12-17 2018-12-17 წიგნი
        2018-12-17 20304 2018-12-17 2018-12-17 წიგნი